[Event "GER-chT U14 Girls"]
[Site "Dittrichshuette"]
[Date "2008.12.27"]
[Round "2.1"]
[White "Spangenberg, Romy"]
[Black "Stoll, Samantha"]
[Result "1-0"]
[WhiteElo "1429"]
[BlackElo "1208"]
[PlyCount "39"]
[EventDate "2008.12.27"]
[EventType "team-swiss"]
[EventRounds "7"]
[EventCountry "GER"]
[SourceTitle "EXT 2010"]
[Source "ChessBase"]
[SourceDate "2010.11.25"]
[SourceVersion "1"]
[SourceVersionDate "2010.11.25"]
[SourceQuality "1"]
[WhiteTeam "Leipzig BSG Chemie"]
[BlackTeam "Stadtilm Blau Weiss"]
[WhiteTeamCountry "GER"]
[BlackTeamCountry "GER"]

1. e4 d5 2. exd5 Nf6 3. Nc3 Nxd5 4. d4 Nxc3 5. bxc3 Bf5 6. Bd3 Bxd3 7. cxd3 e6 8. Qf3 Nc6 9. Nh3 Be7 10. Rb1 Rb8 11. Rxb7 Na5 12. Rxa7 c6 13. Ng5 0-0 14. Ne4 f5 15. Nc5 Bxc5 16. dxc5 Rb5 17. d4 e5 18. dxe5 Qe8 19. Qg3 f4 20. Qxg7# 1-0

[Event "GER-chT U14 Girls"]
[Site "Dittrichshuette"]
[Date "2008.12.27"]
[Round "1.1"]
[White "Stoll, Samantha"]
[Black "Schmalhorst, Sophia"]
[Result "0-1"]
[WhiteElo "1208"]
[BlackElo "1588"]
[PlyCount "76"]
[EventDate "2008.12.27"]
[EventType "team-swiss"]
[EventRounds "7"]
[EventCountry "GER"]
[SourceTitle "EXT 2010"]
[Source "ChessBase"]
[SourceDate "2010.11.25"]
[SourceVersion "1"]
[SourceVersionDate "2010.11.25"]
[SourceQuality "1"]
[WhiteTeam "Stadtilm Blau Weiss"]
[BlackTeam "Rossdorf"]
[WhiteTeamCountry "GER"]
[BlackTeamCountry "GER"]

1. d4 d5 2. e3 Nf6 3. f4 e6 4. Bd3 c5 5. c3 Nc6 6. Nf3 Be7 7. 0-0 0-0 8. Nbd2 c4 9. Bc2 b5 10. Ne5 Qc7 11. h3 b4 12. Rb1 Ba6 13. Rf2 Rab8 14. Rf3 Nd7 15. Rf2 f6 16. Qh5 f5 17. Nxd7 Qxd7 18. Qd1 Bd8 19. cxb4 Nxb4 20. b3 Nxa2 21. Ba3 Nc3 22. Qe1 Nxb1 23. Qxb1 Be7 24. Qa2 cxb3 25. Nxb3 Bc4 26. Bc5 Bxb3 27. Bxb3 Bxc5 28. dxc5 Rfc8 29. Rc2 Qb7 30. Ba4 Qb1+ 31. Qxb1 Rxb1+ 32. Kh2 Rc7 33. Rc3 Ra1 34. Bc2 Ra5 35. e4 Raxc5 36. Rxc5 Rxc5 37. Bb1 fxe4 38. Ba2 Rc2 0-1

[Event "GER-chT U14 Girls"]
[Site "Dittrichshuette"]
[Date "2005.12.29"]
[Round "6.2"]
[White "Barthold, Kristina"]
[Black "Stoll, Samantha"]
[Result "1-0"]
[WhiteElo "1309"]
[BlackElo "786"]
[PlyCount "125"]
[EventDate "2005.12.27"]
[EventType "team-swiss"]
[EventRounds "6"]
[EventCountry "GER"]
[SourceTitle "CBM 110 Extra"]
[Source "ChessBase"]
[SourceDate "2006.03.10"]
[SourceVersion "2"]
[SourceVersionDate "2006.03.10"]
[SourceQuality "1"]
[WhiteTeam "Kronach U14 Girls"]
[BlackTeam "Stadtilm Blau Weiss U14 Girls II"]
[WhiteTeamCountry "GER"]
[BlackTeamCountry "GER"]

1. e4 e5 2. Nf3 Nc6 3. Bb5 Nf6 4. Bxc6 dxc6 5. d3 h6 6. Be3 Qd6 7. a3 Be7 8. Nc3 0-0 9. 0-0 Qe6 10. h3 Bd6 11. Qd2 Qe8 12. Rfe1 Be6 13. d4 exd4 14. Bxd4 Qd8 15. e5 Be7 16. exf6 Bxf6 17. Bxf6 Qxf6 18. Qd4 Qg6 19. Qe4 Qf6 20. Qd4 Qg6 21. Qe4 Bf5 22. Nh4 Qg5 23. Nxf5 Rae8 24. Qg4 Qf6 25. Rxe8 Rxe8 26. Rd1 Kf8 27. Rd7 Re1+ 28. Kh2 Qe5+ 29. f4 Qc5 30. Rd8+ Re8 31. Rxe8+ Kxe8 32. Nxg7+ Ke7 33. Qh4+ f6 34. Qxh6 b5 35. Qh5 Qf2 36. Qe2+ Qxe2 37. Nxe2 c5 38. Nc3 b4 39. axb4 cxb4 40. Nb5 c5 41. Nxa7 c4 42. Nc6+ Kf7 43. Nh5 b3 44. cxb3 cxb3 45. Nd4 Kg6 46. Ng3 Kf7 47. Nxb3 Ke6 48. Kg1 f5 49. Ne2 Kd5 50. h4 Ke6 51. Nbd4+ Kf6 52. b4 Kg6 53. Kh2 Kh5 54. Kh3 Kh6 55. b5 Kg6 56. b6 Kg7 57. b7 Kf7 58. b8Q Kg7 59. Qb6 Kh8 60. Qb7 Kg8 61. Nxf5 Kf8 62. Qe7+ Kg8 63. Qg7# 1-0

[Event "GER-chT U14 Girls"]
[Site "Dittrichshuette"]
[Date "2005.12.27"]
[Round "1.2"]
[White "Stoll, Samantha"]
[Black "Dinger, Solveig"]
[Result "0-1"]
[WhiteElo "786"]
[BlackElo "1476"]
[PlyCount "112"]
[EventDate "2005.12.27"]
[EventType "team-swiss"]
[EventRounds "6"]
[EventCountry "GER"]
[SourceTitle "CBM 110 Extra"]
[Source "ChessBase"]
[SourceDate "2006.03.10"]
[SourceVersion "2"]
[SourceVersionDate "2006.03.10"]
[SourceQuality "1"]
[WhiteTeam "Stadtilm Blau Weiss U14 Girls II"]
[BlackTeam "Wolfbusch U14 Girls"]
[WhiteTeamCountry "GER"]
[BlackTeamCountry "GER"]

1. e4 e5 2. Nf3 Nc6 3. Nc3 Bc5 4. Bb5 Nf6 5. 0-0 0-0 6. d3 Qe7 7. Bg5 Qd6 8. Be3 Re8 9. a3 h6 10. b4 Bd4 11. Qd2 b6 12. Bxc6 dxc6 13. Ra2 Be6 14. Raa1 a5 15. bxa5 Rxa5 16. a4 Rea8 17. h3 b5 18. Bxd4 exd4 19. Ne2 Rxa4 20. Rab1 Nd7 21. Nf4 Ne5 22. Nxe5 Qxe5 23. Ne2 Ra2 24. Ng3 R8a3 25. Qd1 Qg5 26. Qf3 Rxc2 27. Kh1 Rcc3 28. Rfd1 Bb3 29. Re1 Bc2 30. Rb2 Bxd3 31. e5 Bc4 32. Qxc6 Bd3 33. Qe8+ Kh7 34. Qxf7 Qg6 35. e6 Ra8 36. Ne2 Qxf7 37. exf7 Bxe2 38. Rexe2 Rf8 39. Re7 Kg6 40. Rxb5 Rxf7 41. Rxf7 Kxf7 42. f4 d3 43. Rd5 Ke6 44. Rd4 c5 45. Re4+ Kf5 46. Re7 d2 47. Rd7 Rc1+ 48. Kh2 d1Q 49. Rxd1 Rxd1 50. g3 Rd2+ 51. Kg1 c4 52. Kf1 c3 53. Ke1 Ke4 54. g4 Ke3 55. g5 c2 56. gxh6 Rd1# 0-1